LDR 01105nam a2200277 i 4500 001 000000061646 003 CaOOAMICUS 005 20260320095229.0 008 050420s1998 it u000 u ita u 013 $a32818 020 $a88-02-05156-9 040 $aSeMil$bita 100 1 $aVerga, Giovanni,$d<1840-1922>.$0(OLS)http://semarc/name/3542 245 10$aRomanzi /$cdi Giovanni Verga / a cura di Marzio Pieri. 260 $aTorino :$bUnione Tipografico-Editrice Torinese,$c1998. 300 $a993 p., [7] c. di tav. ;$c24 cm. 490 0 $aClassici Italiani 700 1 $aPieri, Marzio.$0(OLS)http://semarc/name/361 830 0$aClassici Italiani
.$0(OLS)http://semarc/title/16424 850 $aSeMil 852 $aSeMil$W1$xVenegono$y1$m1G II 44$j238688$B27799$CSeMilBibl$Z2$F27802 $81 961 $aAcquisto: UTET (Agente) 996 $6020$a88-02-05156-9$9(OLS)http://semarc/number/37974 996 $6245$aRomanzi$9(OLS)http://semarc/title/19827 996 $6260$aTorino :$bUnione Tipografico-Editrice Torinese$9(OLS)http://semarc/publisher/29628